000 01444nam a2200277Ia 4500
003 OSt
005 20200910000409.0
008 191128s2016 ck gr 000 0 spa d
020 _a9789588944081
040 _aCO-JMCR
_cCO-JMCR
041 0 _aspa
082 0 4 _a364.1555 /
_bC397m
_223
110 2 _aCentro de Memoria Histórica
_910121
245 1 0 _aMemorias de una masacre olvidada :
_blos mineros de El Topacio, San Rafael (Antioquía), 1988 /
_cCentro de Memoria Histórica ; fotografías, Juan Alberto Gómez Duque
250 _aPrimera edición
260 _aBogotá :
_bCentro de Memoria Histórica,
_c2016
300 _a248 páginas :
_balgunas fotografías a color ;
_c23 cm.
500 _a"Informe del Centro Nacional de Memoria Histórica."--tapa
504 _aBibliografía: páginas 239-248
505 0 _aMemorias de la masacre -- El contexto -- Memoria de los daños, pérdidas y respuestas -- Justicia e impunidad en el caso de la masacre de Topacio -- Conclusiones y recomendaciones
520 3 _aEn el año de 1988 Colombia sufrió algunas de las masacres más atroces y recordadas: Honduras y la Negra. Mejor Esquina, Coquitos, Segovia… De 19 masacres registradas en 1987, se pasó a 64 en ese 1988.
650 1 4 _aMasacres
_xhistoria
_zEl Topacio (Antioquia)
_910122
650 1 4 _aMasacres
_xhistoria
_zSan Rafael (Antioquia)
_910123
700 1 _aGómez Duque, Juan Alberto,
_efotógrafo
_910124
942 _2ddc
_cBK
999 _c4013
_d4013